My house / (Record no. 3098)
[ view plain ]
| 000 -LEADER | |
|---|---|
| fixed length control field | 01039cam a2200349 a 4500 |
| 001 - CONTROL NUMBER | |
| control field | 3098 |
| 003 - CONTROL NUMBER IDENTIFIER | |
| control field | FISKH |
| 005 - DATE AND TIME OF LATEST TRANSACTION | |
| control field | 20240205155737.0 |
| 008 - FIXED-LENGTH DATA ELEMENTS--GENERAL INFORMATION | |
| fixed length control field | 030310s2003 nyua b 000 1 eng |
| 010 ## - LIBRARY OF CONGRESS CONTROL NUMBER | |
| LC control number | 2003003639 |
| 020 ## - INTERNATIONAL STANDARD BOOK NUMBER | |
| International Standard Book Number | 0516229346 |
| 020 ## - INTERNATIONAL STANDARD BOOK NUMBER | |
| International Standard Book Number | 9780516229348 |
| 040 ## - CATALOGING SOURCE | |
| Original cataloging agency | DLC |
| Transcribing agency | DLC |
| Modifying agency | DLC |
| Language of cataloging | eng |
| 042 ## - AUTHENTICATION CODE | |
| Authentication code | lcac |
| 050 00 - LIBRARY OF CONGRESS CALL NUMBER | |
| Classification number | PZ8.3.J424 |
| Item number | My 2003 |
| 082 00 - DEWEY DECIMAL CLASSIFICATION NUMBER | |
| Classification number | [E] |
| Edition number | 21 |
| 100 1# - MAIN ENTRY--PERSONAL NAME | |
| Personal name | Jensen, Patricia. |
| 245 10 - TITLE STATEMENT | |
| Title | My house / |
| Statement of responsibility, etc. | written by Patricia Jensen ; illustrated by Wayne Becker. |
| 250 ## - EDITION STATEMENT | |
| Edition statement | This edition 2003 |
| 260 ## - PUBLICATION, DISTRIBUTION, ETC. | |
| Place of publication, distribution, etc. | United Stated : |
| Name of publisher, distributor, etc. | Scholastic, |
| Date of publication, distribution, etc. | 1990 |
| 300 ## - PHYSICAL DESCRIPTION | |
| Extent | 30 pages : |
| Other physical details | color illustrations ; |
| Dimensions | 22 cm |
| 440 #0 - SERIES STATEMENT/ADDED ENTRY--TITLE | |
| Title | My first reader |
| 505 ## - FORMATTED CONTENTS NOTE | |
| Formatted contents note | B<br/> |
| 520 ## - SUMMARY, ETC. | |
| Summary, etc. | Parts of houses old and new are mixed up and repainted red and blue. |
| 521 8# - TARGET AUDIENCE NOTE | |
| Target audience note | 80<br/> |
| Source | Lexile<br/> |
| 521 8# - TARGET AUDIENCE NOTE | |
| Target audience note | B<br/> |
| Source | Raz-Plus <br/> |
| 650 #1 - SUBJECT ADDED ENTRY--TOPICAL TERM | |
| Topical term or geographic name entry element | Dwellings |
| Form subdivision | Fiction. |
| 650 #1 - SUBJECT ADDED ENTRY--TOPICAL TERM | |
| Topical term or geographic name entry element | Stories in rhyme. |
| 700 1# - ADDED ENTRY--PERSONAL NAME | |
| Personal name | Becker, Wayne, |
| Relator term | illustrator |
| 906 ## - LOCAL DATA ELEMENT F, LDF (RLIN) | |
| a | 7 |
| b | cbc |
| c | orignew |
| d | 1 |
| e | ecip |
| f | 20 |
| g | y-gencatlg |
| 942 ## - ADDED ENTRY ELEMENTS (KOHA) | |
| Source of classification or shelving scheme | Dewey Decimal Classification |
| Koha item type | Books |
| Suppress in OPAC | No |
| Withdrawn status | Lost status | Source of classification or shelving scheme | Damaged status | Not for loan | Collection | Home library | Current library | Shelving location | Date acquired | Total Checkouts | Full call number | Barcode | Date last seen | Date last checked out | Price effective from | Koha item type |
|---|---|---|---|---|---|---|---|---|---|---|---|---|---|---|---|---|
| Dewey Decimal Classification | Juvenile Fiction | Footprints International School Library Network Toul Kork Campus | Footprints International School Library Network Toul Kork Campus | TK Primary Library Room(4th Floor), Bookcase 7, Shelves 57-60, Dark Green Books | 02/05/2024 | 2 | JEN Fic PZ8.J424 | FISTK02656 | 03/12/2026 | 01/14/2026 | 02/05/2024 | Books |
